| 000 | 00445nam a22001697a 4500 | ||
|---|---|---|---|
| 999 |
_c480941 _d480941 |
||
| 003 | NUST | ||
| 005 | 20180828090657.0 | ||
| 038 | _a0 | ||
| 050 | _a343.052 | ||
| 082 | _a343.052 | ||
| 100 |
_aMuhammad Muazzam Mughal. _912312 |
||
| 245 |
_aIncome Tax. _bPrincipals & Practice 2015-2016. _cMuhammad Muazzam Mughal. |
||
| 260 |
_aLahore. _bSyed Mobin Mahmud & Co. _c2015. |
||
| 300 | _a578p. | ||
| 500 | _aPaper Cover. | ||
| 942 |
_2ddc _cBK _k343.052 |
||